Spojené štáty americké História a súčasnosť meny USA

Atlas peňazí sveta. Charakteristika USA: štátne zriadenie, hospodárstvo, menové informácie, história meny. Motívy bankoviek USA.

Guardado en:
Detalles Bibliográficos
Autor principal: Schlosser, Gabriel
Formato: Capítulo de libro
Lenguaje:eslovaco
Materias:
Etiquetas: Agregar Etiqueta
Sin Etiquetas, Sea el primero en etiquetar este registro!

MARC

LEADER 00000naa a2200000 4500
001 r027449
005 20221130073305.9
041 0 |a slo 
044 |a SK 
245 1 0 |a Spojené štáty americké  |b História a súčasnosť meny USA  |c Gabriel Schlosser 
520 |a Atlas peňazí sveta. Charakteristika USA: štátne zriadenie, hospodárstvo, menové informácie, história meny. Motívy bankoviek USA. 
610 2 0 |a mena 
610 2 0 |a USA 
610 2 0 |a história 
610 2 0 |a štát 
610 2 0 |a hospodárstvo národné 
610 2 0 |a bankovky 
610 2 0 |a mince 
610 2 0 |a dolár 
610 2 0 |a peniaze 
100 1 |a Schlosser, Gabriel